Real Vacation Complaints Quiz Stats

 Plays Quiz Updated Aug 1, 2017

Support Sporcle.
Go Orange.
Score 0/25 Timer 07:00
2 Plays Today
% Correct
sandy
98.6%
fish
97.9%
topless
97.9%
heights
97.3%
smaller
97.2%
unfair
97.1%
wait
97%
beautiful
96.8%
disturb
96.5%
castle
96.5%
coconuts
96.3%
under
96.1%
lava
95.7%
% Correct
fake
95.5%
celebrities
95.4%
biscuits
95.3%
Spanish
95.1%
date line
94.9%
sea breeze
93.6%
better
93.6%
egg-slicer
93.5%
nail polish
93%
furniture
92.6%
Loch Ness monster
88.5%
air-conditioning
80.5%

You're not logged in!

Compare scores with friends on all Sporcle quizzes.
OR
Log In
Forgot?

From the Vault

Know It: Asian Capitals

by BanjoZebra

As the title implies, you either know it, or you don't.
Remove Ads.
Support Sporcle.
Get the best of Sporcle when you Go Orange. This ad-free experience offers more features, more stats, and more fun while also helping to support Sporcle. Thank you for becoming a member.

Show Comments

Extras

Top Quizzes Today


Score Distribution

Your Account Isn't Verified!

In order to create a playlist on Sporcle, you need to verify the email address you used during registration. Go to your Sporcle Settings to finish the process.

Report this User

Report this user for behavior that violates our Community Guidelines.

Details: